ნორმალური ფორმატი
MARC ფორმატი
ჩანაწერი Personal Name
ჩანაწერთა რაოდენობა, რომელიც გამოყენებულია: 1
001 - CONTROL NUMBER
- control field: 7574
003 - CONTROL NUMBER IDENTIFIER
- control field: GE_BSU
005 - DATE AND TIME OF LATEST TRANSACTION
- control field: 20200227155614.0
008 - FIXED-LENGTH DATA ELEMENTS
- fixed length control field: 200227|| aca||aabn | a|a d
040 ## - CATALOGING SOURCE
- Original cataloging agency: GE_BSU
- Transcribing agency: GE_BSU
100 ## - HEADING--PERSONAL NAME
- Personal name: Peköz, Erol A.
670 ## - SOURCE DATA FOUND
- Source citation: Work cat.: (GE_BSU)50569: Ross, Sheldon M. 7102, A second course in probability /
